000 00595nam a2200229Ia 4500
003 OSt
005 20220918214507.0
006 a|||||r|||| 00| 0
007 ta
008 220917b |||||||| |||| 00| 0 eng d
024 _a137,677
037 _cTextual
040 _aARTS
_cARTS
_beng
041 _2eng
_aeng
082 _aYxM20:g, L1
100 _aPeel J D Y
245 0 _aHerbert Spencer
_b The evolution of a sociologist
260 _aLondon
_bHeinemann
_c1971
650 _aSOCIOLOGY
942 _hYxM20:g, L1
_cTEXL
_2CC
999 _c260756
_d260756